000 00472nam a2200169Ia 4500
005 20250508163353.0
008 008 250505s9999 xx 000 0 eng d
037 _aTextual
040 _aFEDL
_beng
_cFEDL
041 _aeng
_2eng
084 _a507, SHA
_qFEDL
245 0 _aTeaching of natural sciences
260 _aBombay, India
_bP. C. Manaktala and Sons Private Ltd
_c1966
300 _a112p.
942 _cTEXL
_h507, SHA
999 _c1382620
_d1382620